[Event "Championnat de Paris Open Fide"]
[Site "Stade Charléty - 75013 Paris"]
[Date "2015.07.11"]
[Round "8.10"]
[White "Glicenstein, Asher"]
[Black "Rodriguez, Adrien"]
[Result "0-1"]
[WhiteElo "2213"]
[BlackElo "2274"]
[PlyCount "84"]
[EventDate "2015.??.??"]

1. d4 Nf6 2. c4 e6 3. Nc3 Bb4 4. Qc2 c5 5. dxc5 Bxc5 6. Nf3 O-O 7. e3 a6 8. a3
Qc7 9. Be2 Be7 10. O-O b6 11. e4 d6 12. Bf4 Bb7 13. Rac1 Nbd7 14. Nd2 Rac8 15.
Qb1 Qb8 16. b4 Qa8 17. Rfe1 Rfd8 18. Bf1 h6 19. h3 Nh5 20. Bh2 Bg5 21. Rc2 Bf4
22. Bxf4 Nxf4 23. g3 Nh5 24. Re3 Nhf6 25. Qb3 d5 26. exd5 exd5 27. Ne2 dxc4 28.
Nxc4 Bd5 29. Nf4 b5 30. Nxd5 Nxd5 31. Re1 bxc4 32. Bxc4 N7b6 33. Bf1 Rxc2 34.
Qxc2 a5 35. b5 Qc8 36. Qd2 Qc3 37. Qxc3 Nxc3 38. Rc1 Rc8 39. Kh2 Ncd5 40. Rxc8+
Nxc8 41. Kg2 Nd6 42. Kg1 Nb6 0-1

[Event "Championnat de Paris Open Fide"]
[Site "Stade Charléty - 75013 Paris"]
[Date "2015.07.11"]
[Round "8.11"]
[White "O'Sullivan, Thomas"]
[Black "Payen, Arnaud"]
[Result "1/2-1/2"]
[WhiteElo "2227"]
[BlackElo "2329"]
[PlyCount "69"]
[EventDate "2015.??.??"]

1. d4 d5 2. c4 dxc4 3. Nf3 Nf6 4. e3 e6 5. Bxc4 c5 6. O-O Nc6 7. Qe2 cxd4 8.
Rd1 Be7 9. Nxd4 Nxd4 10. exd4 O-O 11. Nc3 Nd5 12. Qf3 Nxc3 13. bxc3 Rb8 14. Bb3
b5 15. a4 a6 16. axb5 Bb7 17. Qg3 axb5 18. Bf4 Ra8 19. Rxa8 Bxa8 20. Be5 g6 21.
Qd3 Qd7 22. d5 Bxd5 23. Bxd5 Qxd5 24. Qxd5 exd5 25. Rxd5 Rd8 26. Rxd8+ Bxd8 27.
Kf1 f6 28. Bd4 Kf7 29. Ke2 Ke6 30. Kd3 Kd5 31. f3 f5 32. g4 Bc7 33. h3 Bf4 34.
Bf2 Be5 35. Be3 1/2-1/2

[Event "Championnat de Paris Open Fide"]
[Site "Stade Charléty - 75013 Paris"]
[Date "2015.07.11"]
[Round "8.12"]
[White "Alfred, Nathan"]
[Black "Dionisi, Thomas"]
[Result "0-1"]
[WhiteElo "2276"]
[BlackElo "2387"]
[PlyCount "66"]
[EventDate "2015.??.??"]

1. d4 f5 2. Nf3 Nf6 3. g3 g6 4. Bg2 Bg7 5. O-O O-O 6. c4 d6 7. d5 c6 8. Nd4 Qb6
9. Nc3 Bd7 10. Rb1 Ng4 11. e3 Na6 12. b4 c5 13. bxc5 Qxc5 14. Rxb7 Qc8 15. Rxd7
Qxd7 16. Ncb5 Rfc8 17. Ne6 Rxc4 18. Nbd4 Qa4 19. Qe2 Nc5 20. Nxg7 Kxg7 21. Bb2
Nf6 22. g4 fxg4 23. h3 gxh3 24. Bxh3 Qa6 25. Qf3 Qxa2 26. Ba1 Rb8 27. Qg3 Nce4
28. Ne6+ Kh8 29. Qh4 Qe2 30. Nf4 g5 31. Qh6 gxf4 32. Kh2 Rg8 33. Bf5 Nc3 0-1

[Event "Championnat de Paris Open Fide"]
[Site "Stade Charléty - 75013 Paris"]
[Date "2015.07.11"]
[Round "8.13"]
[White "Philippe, Guillaume"]
[Black "Micottis, Dorian"]
[Result "1-0"]
[WhiteElo "2309"]
[BlackElo "2235"]
[PlyCount "71"]
[EventDate "2015.??.??"]

1. g3 Nf6 2. Bg2 d5 3. Nh3 c5 4. O-O Nc6 5. f3 e5 6. Nf2 Be7 7. e4 Be6 8. d3
O-O 9. Nc3 dxe4 10. fxe4 c4 11. Be3 cxd3 12. cxd3 Qa5 13. Bh3 Bxh3 14. Nxh3
Rad8 15. a3 Qa6 16. Nf2 h6 17. Kg2 Rd7 18. Qb3 b6 19. Rac1 Qb7 20. Rc2 Rc8 21.
Rfc1 Bf8 22. Qb5 Rb8 23. Ne2 Nd4 24. Nxd4 exd4 25. Bf4 Rbd8 26. Rc7 Qa8 27. Qf5
Be7 28. Kg1 g6 29. Qh3 Bc5 30. b4 Rxc7 31. Bxc7 Bf8 32. Bxd8 Qxd8 33. Qc8 Qxc8
34. Rxc8 a5 35. bxa5 bxa5 36. Ra8 1-0

[Event "Championnat de Paris Open Fide"]
[Site "Stade Charléty - 75013 Paris"]
[Date "2015.07.11"]
[Round "8.14"]
[White "Rabeyrin, Jean Jacques"]
[Black "Picard, Romain"]
[Result "1-0"]
[WhiteElo "2219"]
[BlackElo "2350"]
[PlyCount "75"]
[EventDate "2015.??.??"]

1. e4 e5 2. Nf3 d6 3. d4 exd4 4. Nxd4 Nf6 5. Nc3 Be7 6. Bf4 O-O 7. Qd2 Nc6 8.
O-O-O Nxd4 9. Qxd4 Be6 10. f3 a6 11. Kb1 b5 12. Qd2 c6 13. g4 b4 14. Ne2 d5 15.
e5 Nd7 16. Nd4 c5 17. Nf5 Kh8 18. Rg1 c4 19. c3 Rb8 20. Nxe7 Qxe7 21. Bg5 Qc5
22. Be3 Qc7 23. f4 Nc5 24. Bxc5 Qxc5 25. Rg2 f5 26. g5 Qa5 27. Ka1 d4 28. Qc1
dxc3 29. bxc3 bxc3 30. Rc2 Rb3 31. Rd6 Rfb8 32. Rxe6 Rb2 33. Bxc4 Qb4 34. Bb3
Rxb3 35. axb3 Qa5+ 36. Ra2 Qd5 37. Rexa6 Qd4 38. Rc2 1-0

[Event "Championnat de Paris Open Fide"]
[Site "Stade Charléty - 75013 Paris"]
[Date "2015.07.11"]
[Round "8.15"]
[White "Gantner, Ludovic"]
[Black "Onkoud, Abdelaziz"]
[Result "0-1"]
[WhiteElo "2213"]
[BlackElo "2308"]
[PlyCount "192"]
[EventDate "2015.??.??"]

1. e4 d6 2. d4 Nf6 3. Nc3 Nbd7 4. Nf3 e5 5. Be2 Be7 6. O-O O-O 7. Re1 c6 8. a4
Re8 9. h3 Bf8 10. Bf1 h6 11. b3 exd4 12. Qxd4 d5 13. e5 Nh7 14. Qf4 Nc5 15. Qg3
Kh8 16. Bd2 g6 17. Rad1 Bg7 18. b4 Ne6 19. Bd3 Nef8 20. Ne2 Be6 21. Nf4 Qe7 22.
c3 a5 23. Bc2 b6 24. Nd4 Rac8 25. Bxg6 fxg6 26. Ndxe6 g5 27. Nxf8 Nxf8 28. Nd3
axb4 29. cxb4 c5 30. bxc5 bxc5 31. f4 gxf4 32. Bxf4 Ne6 33. Nf2 d4 34. Ng4 Nxf4
35. Qxf4 Qg5 36. Qxg5 hxg5 37. e6 c4 38. Ne5 Rc5 39. Nf7+ Kg8 40. Nd6 Re7 41.
g4 Be5 42. Nxc4 Bg3 43. Nd2 Bxe1 44. Rxe1 Rc6 45. Nf3 d3 46. Rd1 Rexe6 47. Rxd3
Re2 48. Rd1 Rc5 49. Ra1 Ra5 50. Kf1 Re4 51. Kg2 Kg7 52. Kg3 Re3 53. Kf2 Rb3 54.
h4 gxh4 55. Nxh4 Rg5 56. Nf5+ Kf6 57. Ne3 Ra5 58. Kf3 Re5 59. Re1 Kg5 60. Re2
Ra3 61. Kf2 Rxa4 62. Kf3 Ra3 63. Kf2 Re4 64. Re1 Ra2+ 65. Kg3 Rb2 66. Kf3 Rf4+
67. Kg3 Rbf2 68. Ng2 R2f3+ 69. Kh2 Rxg4 70. Re2 Ra3 71. Rb2 Re4 72. Rc2 Kg4 73.
Rc8 Ra2 74. Rg8+ Kf3 75. Rf8+ Ke2 76. Rg8 Re7 77. Rh8 Rg7 78. Re8+ Kf1 79. Rf8+
Rf2 80. Rxf2+ Kxf2 81. Nh4 Rg5 82. Kh3 Rg3+ 83. Kh2 Ra3 84. Ng2 Kf3 85. Nh4+
Kg4 86. Ng2 Ra1 87. Ne3+ Kf3 88. Nf5 Ra2+ 89. Kh3 Kf4 90. Nh4 Ra3+ 91. Kh2 Kg4
92. Ng2 Rg3 93. Ne1 Re3 94. Ng2 Re2 95. Kg1 Kg3 96. Kh1 Ra2 0-1

[Event "Championnat de Paris Open Fide"]
[Site "Stade Charléty - 75013 Paris"]
[Date "2015.07.11"]
[Round "8.16"]
[White "Samoun, Florent"]
[Black "Pruvot, Louis"]
[Result "1-0"]
[WhiteElo "2244"]
[BlackElo "2213"]
[PlyCount "55"]
[EventDate "2015.??.??"]

1. Nf3 d5 2. d4 e6 3. c4 c6 4. Nc3 dxc4 5. e4 b5 6. g3 Nf6 7. Bg2 Bb7 8. O-O
Be7 9. Ne5 a6 10. Be3 O-O 11. a4 Qc7 12. Qc2 Rd8 13. Nxf7 Kxf7 14. e5 Nbd7 15.
exf6 Nxf6 16. Ne4 h6 17. Bf4 Qb6 18. Be5 Ng4 19. a5 Qa7 20. Bc7 Re8 21. Bh3 Nf6
22. Rfe1 Bc8 23. Be5 Nd5 24. Qe2 c5 25. Qh5+ Kf8 26. Ra3 c3 27. Nd6 Bd7 28.
Qf7# 1-0

[Event "Championnat de Paris Open Fide"]
[Site "Stade Charléty - 75013 Paris"]
[Date "2015.07.??"]
[Round "9.2"]
[White "Renet, Olivier"]
[Black "Legky, Nikolay A"]
[Result "1-0"]
[WhiteElo "2512"]
[BlackElo "2420"]
[PlyCount "143"]
[EventDate "2015.??.??"]
[TimeControl "5430"]

1. e4 e5 2. Nf3 Nf6 3. Nc3 Bb4 4. Nxe5 O-O 5. Nd3 Bxc3 6. dxc3 Nxe4 7. Be2 d5
8. O-O h6 9. Be3 c6 10. Re1 Nd7 11. Bf1 b6 12. f3 Nd6 13. b3 Bb7 14. Qd2 Re8
15. Bf2 Qg5 16. Qf4 Qxf4 17. Nxf4 c5 18. h4 Nf6 19. h5 Rxe1 20. Rxe1 Re8 21.
Rd1 Nf5 22. Bd3 Ne7 23. Bb5 Rd8 24. b4 cxb4 25. cxb4 Rc8 26. Re1 Kf8 27. Bd3
Nc6 28. a3 Re8 29. Rxe8+ Kxe8 30. Bh4 Nd4 31. Bxf6 gxf6 32. Kf2 Ne6 33. Ne2 Ke7
34. Ke3 Kd6 35. c3 Bc8 36. g4 Nc7 37. Nd4 Bd7 38. Be2 Ke7 39. Bd3 Kd6 40. Be2
Ke7 41. f4 Bc8 42. Nc6+ Kd6 43. Nxa7 Bd7 44. a4 Ne6 45. Nb5+ Bxb5 46. Bxb5 f5
47. Be2 f6 48. gxf5 Nc7 49. Kd4 Kc6 50. Bf1 Kd7 51. Be2 Kc6 52. c4 dxc4 53.
Bf3+ Kd7 54. Kxc4 Ne8 55. a5 Nd6+ 56. Kd5 Nc8 57. Be4 Ne7+ 58. Kc4 Nc8 59. Bg2
Kd6 60. Bb7 Ne7 61. a6 Kc7 62. Bf3 Nc8 63. Bb7 Ne7 64. Ba8 Nc8 65. Kd5 Kd7 66.
Bc6+ Ke7 67. Bb5 Na7 68. Ba4 b5 69. Bc2 Kd7 70. Bd3 Kc7 71. Ke6 Nc6 72. Kxf6
1-0

[Event "Championnat de Paris Open Fide"]
[Site "Stade Charléty - 75013 Paris"]
[Date "2015.07.12"]
[Round "9.4"]
[White "Roser, Kevin"]
[Black "Basso, Pier Luigi"]
[Result "1/2-1/2"]
[WhiteElo "2403"]
[BlackElo "2439"]
[PlyCount "38"]
[EventDate "2015.??.??"]

1. e4 e5 2. Nf3 Nc6 3. Bb5 Nf6 4. O-O Nxe4 5. d4 Nd6 6. Bxc6 dxc6 7. dxe5 Nf5
8. Qxd8+ Kxd8 9. h3 Ke8 10. Nc3 h5 11. Bf4 Be7 12. Rad1 Be6 13. Ng5 Rh6 14. g3
Bc4 15. Rfe1 Rg6 16. Nge4 Rd8 17. Rxd8+ Bxd8 18. Rd1 b6 19. b3 Ba6 1/2-1/2

[Event "Championnat de Paris Open Fide"]
[Site "Stade Charléty - 75013 Paris"]
[Date "2015.07.12"]
[Round "9.5"]
[White "Sochacki, Wojtek"]
[Black "Wirig, Anthony"]
[Result "1/2-1/2"]
[WhiteElo "2302"]
[BlackElo "2511"]
[PlyCount "24"]
[EventDate "2015.??.??"]

1. d4 d5 2. c4 c6 3. cxd5 cxd5 4. Nf3 Nf6 5. Nc3 Nc6 6. Bf4 Bf5 7. e3 e6 8. Bd3
Bxd3 9. Qxd3 Bd6 10. Bxd6 Qxd6 11. O-O O-O 12. Rfc1 Rac8 1/2-1/2

[Event "Championnat de Paris Open Fide"]
[Site "Stade Charléty - 75013 Paris"]
[Date "2015.07.12"]
[Round "9.7"]
[White "Mouhamad, Joachin"]
[Black "Louis, Thibault"]
[Result "1-0"]
[WhiteElo "2207"]
[BlackElo "2250"]
[PlyCount "67"]
[EventDate "2015.??.??"]

1. e4 d6 2. d4 Nf6 3. Nc3 e5 4. Nf3 Nbd7 5. Bc4 Be7 6. O-O O-O 7. a4 c6 8. Ba2
b6 9. Qe2 a6 10. Rd1 Qc7 11. h3 Rb8 12. d5 cxd5 13. Bxd5 Nc5 14. Qc4 b5 15.
axb5 axb5 16. Nxb5 Qb6 17. Nc3 Ba6 18. Qa2 Bb7 19. Be3 Bxd5 20. Nxd5 Nxd5 21.
Qxd5 Rfc8 22. b3 Qb4 23. Ra7 Nb7 24. Rda1 Qc3 25. R1a4 Rc7 26. Ra8 Rf8 27. R4a7
Nd8 28. Bd2 Qxc2 29. Ne1 Qd1 30. Rxc7 Bh4 31. g3 Bxg3 32. Rxd8 Bxf2+ 33. Kxf2
Qxd2+ 34. Qxd2 1-0

[Event "Championnat de Paris Open Fide"]
[Site "Stade Charléty - 75013 Paris"]
[Date "2015.07.12"]
[Round "9.8"]
[White "Van Dongen, Patrick"]
[Black "Philippe, Guillaume"]
[Result "1/2-1/2"]
[WhiteElo "2304"]
[BlackElo "2309"]
[PlyCount "103"]
[EventDate "2015.??.??"]

1. Nf3 g6 2. e4 Bg7 3. d4 Nf6 4. e5 Nd5 5. c4 Nb6 6. Nc3 d6 7. exd6 cxd6 8. Be3
O-O 9. h3 Nc6 10. Rc1 e5 11. dxe5 dxe5 12. Qxd8 Rxd8 13. c5 Nd7 14. Bc4 h6 15.
Ne4 Nf8 16. g4 Be6 17. a3 a5 18. Rg1 Bd5 19. Nfd2 Ne6 20. Nd6 Bxc4 21. N2xc4
Rab8 22. Rg3 Bf8 23. Rd1 Ned4 24. Bxd4 exd4 25. Rb3 Bxd6 26. Nxd6 b6 27. Kd2 a4
28. Rb5 bxc5 29. Rxb8 Rxb8 30. Kc2 Kf8 31. Re1 Rb3 32. Re8+ Kg7 33. Ra8 d3+ 34.
Kc1 Nd4 35. Rxa4 Rb6 36. Ne4 Nb3+ 37. Kd1 f5 38. Ra7+ Kf8 39. gxf5 gxf5 40. Nd2
c4 41. Nxb3 Rxb3 42. Kc1 d2+ 43. Kxd2 Rxb2+ 44. Kc3 Rxf2 45. Kxc4 Rf3 46. Kd5
Rxh3 47. Ke5 Rf3 48. a4 Ke8 49. a5 Kd8 50. a6 Kc8 51. Rh7 Kb8 52. Rxh6 1/2-1/2

[Event "Championnat de Paris Open Fide"]
[Site "Stade Charléty - 75013 Paris"]
[Date "2015.07.12"]
[Round "9.9"]
[White "Dionisi, Thomas"]
[Black "O'Sullivan, Thomas"]
[Result "1-0"]
[WhiteElo "2387"]
[BlackElo "2227"]
[PlyCount "101"]
[EventDate "2015.??.??"]

1. e4 e6 2. d4 d5 3. Nc3 Bb4 4. e5 c5 5. a3 Bxc3+ 6. bxc3 Ne7 7. Nf3 Bd7 8. a4
Qa5 9. Bd2 c4 10. Qb1 Nbc6 11. Be2 f6 12. O-O fxe5 13. Nxe5 Nxe5 14. dxe5 Nc6
15. Re1 O-O-O 16. Bg4 Rdf8 17. Qd1 h5 18. Bxh5 Qd8 19. g3 Rf5 20. Bg4 Rxe5 21.
Be3 g5 22. Qd2 Qf6 23. Bd4 Rxe1+ 24. Rxe1 Nxd4 25. cxd4 Kb8 26. a5 Re8 27. Re5
Rg8 28. Qe3 Rg6 29. Kg2 a6 30. Qa3 Qd8 31. Qd6+ Qc7 32. Qf8+ Qc8 33. Qf7 Be8
34. Qe7 Bd7 35. Bh5 Rg8 36. Bf7 Rf8 37. Qd6+ Ka8 38. Bxe6 Bxe6 39. Qxe6 Qc7 40.
Qxd5 g4 41. Re6 Rd8 42. Qe5 Qd7 43. Qe4 Ka7 44. c3 Rf8 45. Re5 Rf3 46. d5 Qf7
47. Qd4+ Ka8 48. d6 Rd3 49. Qxg4 Rxd6 50. Qc8+ Ka7 51. Qc5+ 1-0

[Event "Championnat de Paris Open Fide"]
[Site "Stade Charléty - 75013 Paris"]
[Date "2015.07.12"]
[Round "9.10"]
[White "Eden, James"]
[Black "Maleki, Manuel"]
[Result "1-0"]
[WhiteElo "2272"]
[BlackElo "2235"]
[PlyCount "109"]
[EventDate "2015.??.??"]
[TimeControl "5430"]

1. e4 d6 2. d4 g6 3. Nc3 c6 4. Be2 Bg7 5. h4 h5 6. Nf3 Bg4 7. Ng5 Bxe2 8. Nxe2
Nd7 9. Be3 Qa5+ 10. c3 Ngf6 11. Qb3 O-O 12. Nf4 e6 13. f3 Qb5 14. Qc2 e5 15.
Nd3 exd4 16. Bxd4 Rae8 17. O-O-O Ne5 18. Nxe5 dxe5 19. Be3 Rd8 20. Rxd8 Rxd8
21. Rd1 Re8 22. a4 Qc4 23. b3 Qa6 24. Rd6 Qf1+ 25. Kb2 a5 26. Qd2 Nh7 27. Nxh7
Kxh7 28. Rd7 b5 29. Rxf7 Rg8 30. axb5 cxb5 31. Ra7 a4 32. bxa4 bxa4 33. Rxa4
Rb8+ 34. Rb4 Ra8 35. Kc2 Ra2+ 36. Rb2 Ra1 37. Bc5 Qc4 38. Qd5 Qe2+ 39. Kb3 Qb5+
40. Bb4 Qa4+ 41. Kc4 Rd1 42. Qb5 Qa1 43. Kb3 Rd8 44. Qe2 Bh6 45. Ra2 Qb1+ 46.
Qb2 Qd1+ 47. Qc2 Qe1 48. Ra7+ Kh8 49. Ka4 Qa1+ 50. Ba3 Rb8 51. c4 Bf8 52. Qc1
Rb4+ 53. Ka5 Rb1 54. Qe3 Bxa3 55. Qh6+ 1-0

[Event "Championnat de Paris Open Fide"]
[Site "Stade Charléty - 75013 Paris"]
[Date "2015.07.12"]
[Round "9.12"]
[White "Payen, Arnaud"]
[Black "Le Ruyet, Leopold"]
[Result "1-0"]
[WhiteElo "2329"]
[BlackElo "2238"]
[PlyCount "95"]
[EventDate "2015.??.??"]

1. d4 Nf6 2. c4 e6 3. Nf3 d5 4. Nc3 c5 5. e3 Nc6 6. a3 a6 7. cxd5 Nxd5 8. Bd3
cxd4 9. exd4 Be7 10. O-O O-O 11. Re1 Bf6 12. Be4 Nce7 13. Ne5 Ng6 14. Qf3 Nde7
15. Be3 Nxe5 16. dxe5 Bxe5 17. Bxh7+ Kxh7 18. Qh5+ Kg8 19. Qxe5 Ng6 20. Qh5 Qh4
21. Qxh4 Nxh4 22. Bc5 Re8 23. Nd5 Bd7 24. Nc7 Rac8 25. Bd6 Rxc7 26. Bxc7 Bc6
27. Bg3 Nf5 28. Rad1 f6 29. f4 Nxg3 30. hxg3 f5 31. Rd6 Kf7 32. Kf2 Kf6 33. Re5
g5 34. Rc5 Be4 35. Rc7 Rg8 36. Rdd7 gxf4 37. gxf4 Rxg2+ 38. Ke3 Rg3+ 39. Ke2
Rg2+ 40. Ke3 Rg3+ 41. Kd4 Rd3+ 42. Kc5 b6+ 43. Kxb6 Rf3 44. Rf7+ Kg6 45. Rg7+
Kh6 46. Kc5 Rxf4 47. Kd6 Rg4 48. Rh7+ 1-0

[Event "Championnat de Paris Open Fide"]
[Site "Stade Charléty - 75013 Paris"]
[Date "2015.07.12"]
[Round "9.13"]
[White "Onkoud, Abdelaziz"]
[Black "Rabeyrin, Jean Jacques"]
[Result "1-0"]
[WhiteElo "2308"]
[BlackElo "2219"]
[PlyCount "79"]
[EventDate "2015.??.??"]

1. Nf3 d5 2. e3 Nf6 3. c4 c6 4. Nc3 Nbd7 5. d4 e6 6. Qc2 Bd6 7. g4 Bb4 8. Bd3
dxc4 9. Bxc4 Qc7 10. g5 Nd5 11. Bd2 Nxc3 12. Bxc3 Bxc3+ 13. Qxc3 b6 14. Rg1 Bb7
15. Rg3 O-O 16. O-O-O c5 17. d5 exd5 18. Bxd5 Bxd5 19. Rxd5 Rfd8 20. Rd1 b5 21.
Qc2 Nb6 22. Rgg1 Nd5 23. Qf5 Nb4 24. a3 Nc6 25. Rxd8+ Rxd8 26. Rd1 Rxd1+ 27.
Kxd1 Qd6+ 28. Ke2 g6 29. Qd3 Qb8 30. Qd5 Qb6 31. Nd2 Ne7 32. Qd7 Qe6 33. Qxb5
Nd5 34. Qc4 Qe5 35. h4 h6 36. Qe4 Qd6 37. Qe8+ Kg7 38. gxh6+ Kh7 39. Ne4 Qa6+
40. Kf3 1-0

[Event "Championnat de Paris Open Fide"]
[Site "Stade Charléty - 75013 Paris"]
[Date "2015.07.12"]
[Round "9.14"]
[White "Samoun, Florent"]
[Black "Alfred, Nathan"]
[Result "0-1"]
[WhiteElo "2244"]
[BlackElo "2276"]
[PlyCount "82"]
[EventDate "2015.??.??"]

1. Nf3 c5 2. e4 d6 3. g3 Nc6 4. Bg2 g6 5. O-O Bg7 6. c3 e5 7. d3 Nge7 8. a3 O-O
9. b4 h6 10. b5 Nb8 11. Nbd2 a6 12. Rb1 axb5 13. Rxb5 b6 14. Nc4 Ba6 15. Rb3 b5
16. Ne3 Nbc6 17. Qe2 Rc8 18. Rd1 Kh7 19. h4 Qa5 20. Qc2 Nd4 21. cxd4 cxd4 22.
Qb1 dxe3 23. Bxe3 Rc3 24. d4 Rxb3 25. Qxb3 Bc8 26. Bd2 Qa6 27. dxe5 dxe5 28.
Bf1 Bg4 29. Rb1 Qa8 30. Qe3 f5 31. Rxb5 f4 32. Qc5 fxg3 33. Qxe7 gxf2+ 34. Kh2
Bxf3 35. Rb7 Rg8 36. Kg3 Bxe4 37. Rd7 Qf8 38. Qxf8 Rxf8 39. Kh2 Rf3 40. a4 Ra3
41. Bb5 Rd3 0-1

[Event "Championnat de Paris Open Fide"]
[Site "Stade Charléty - 75013 Paris"]
[Date "2015.07.12"]
[Round "9.15"]
[White "Formento, Paolo"]
[Black "Micottis, Dorian"]
[Result "1/2-1/2"]
[WhiteElo "2246"]
[BlackElo "2235"]
[PlyCount "150"]
[EventDate "2015.??.??"]

1. d4 Nf6 2. c4 g6 3. Nc3 d5 4. Bg5 Ne4 5. Bh4 Nxc3 6. bxc3 dxc4 7. e3 Be6 8.
Nf3 Bg7 9. Rb1 b6 10. Be2 O-O 11. O-O c6 12. a4 a6 13. e4 b5 14. Qd2 h6 15.
Rfd1 Nd7 16. axb5 cxb5 17. h3 Nf6 18. Qc2 Bc8 19. Bg3 Bb7 20. d5 Qc8 21. Ne5 e6
22. Bf3 Rd8 23. d6 Qc5 24. Ng4 Nxg4 25. hxg4 e5 26. Qd2 Bf8 27. d7 Bc6 28. Bh4
Rxd7 29. Qxd7 Bxd7 30. Rxd7 g5 31. Bg3 Bg7 32. Ra1 Qb6 33. Rd5 Rd8 34. Rad1
Rxd5 35. exd5 Qd6 36. Ra1 f6 37. Be4 Bf8 38. f3 Qb6+ 39. Bf2 Bc5 40. Bxc5 Qxc5+
41. Kf1 Qb6 42. Ke2 a5 43. d6 Qxd6 44. Rxa5 Qb6 45. Ra1 b4 46. Rb1 b3 47. Bd5+
Kf8 48. Bxc4 Qc7 49. Bxb3 Qxc3 50. Bd1 Qc4+ 51. Ke1 Ke7 52. Be2 Qc3+ 53. Kf2
Qd4+ 54. Kf1 Qf4 55. Rd1 Qh2 56. Kf2 h5 57. gxh5 Qxh5 58. g4 Qh2+ 59. Kf1 f5
60. gxf5 Qh3+ 61. Kg1 Kf6 62. Re1 Kxf5 63. Bd1 Qg3+ 64. Kf1 Qh2 65. Re4 Qh1+
66. Ke2 Qh2+ 67. Kf1 Qd2 68. Be2 Qd8 69. Rg4 Qb6 70. Kg2 Qb2 71. Kf1 Qd2 72.
Kf2 Qc1 73. Re4 Qh1 74. Rg4 Qh2+ 75. Kf1 Qh1+ 1/2-1/2

[Event "Championnat de Paris Open Fide"]
[Site "Stade Charléty - 75013 Paris"]
[Date "2015.07.12"]
[Round "9.16"]
[White "Pruvot, Louis"]
[Black "Gantner, Ludovic"]
[Result "1-0"]
[WhiteElo "2213"]
[BlackElo "2213"]
[PlyCount "73"]
[EventDate "2015.??.??"]

1. d4 Nf6 2. c4 g6 3. Nc3 Bg7 4. e4 d6 5. h3 O-O 6. Nf3 c5 7. d5 a6 8. a4 e6 9.
Bd3 exd5 10. cxd5 Nbd7 11. O-O Qc7 12. Bf4 c4 13. Bc2 Rb8 14. Re1 Ne8 15. Rb1
b5 16. axb5 axb5 17. Ne2 Ne5 18. Ned4 Bd7 19. Bg5 Nf6 20. Nh2 h6 21. Be3 Rfe8
22. Qc1 g5 23. h4 gxh4 24. Bxh6 Ng6 25. Nhf3 h3 26. Bxg7 Kxg7 27. Nf5+ Bxf5 28.
exf5 Rxe1+ 29. Nxe1 Qc5 30. gxh3 Rh8 31. fxg6 Rxh3 32. Qg5 Rh5 33. Qg2 Rxd5 34.
Nf3 Nh5 35. gxf7+ Kxf7 36. Qg6+ Ke7 37. Re1+ 1-0